The age of extremes : (Record no. 10205)
[ view plain ]
| 000 -LEADER | |
|---|---|
| fixed length control field | 00522cam a2200193ua 4500 |
| 001 - CONTROL NUMBER | |
| control field | 11374 |
| 005 - DATE AND TIME OF LATEST TRANSACTION | |
| control field | 20260515114738.0 |
| 008 - FIXED-LENGTH DATA ELEMENTS--GENERAL INFORMATION | |
| fixed length control field | 190917n xxk |||gr||||Z||||||eng |
| 020 ## - INTERNATIONAL STANDARD BOOK NUMBER | |
| International Standard Book Number | 9780349106717 |
| 040 ## - CATALOGING SOURCE | |
| Transcribing agency | MAIN |
| 082 ## - DEWEY DECIMAL CLASSIFICATION NUMBER | |
| Classification number | 909 |
| 100 ## - MAIN ENTRY--PERSONAL NAME | |
| Personal name | Eric Hobsbawm . , |
| Relator term | Author., |
| 245 ## - TITLE STATEMENT | |
| Title | The age of extremes : |
| Remainder of title | the short twentieth century 1914-1991 / |
| Statement of responsibility, etc. | By Eric Hobsbawm . |
| 260 ## - PUBLICATION, DISTRIBUTION, ETC. | |
| Place of publication, distribution, etc. | Lodon: |
| Name of publisher, distributor, etc. | Abacus, |
| Date of publication, distribution, etc. | 1995. |
| 300 ## - PHYSICAL DESCRIPTION | |
| Extent | 627p. |
| 653 ## - INDEX TERM--UNCONTROLLED | |
| Uncontrolled term | World history |
| 653 ## - INDEX TERM--UNCONTROLLED | |
| Uncontrolled term | Twentieth century history |
| 942 ## - ADDED ENTRY ELEMENTS (KOHA) | |
| Koha item type | Books |
| Withdrawn status | Lost status | Damaged status | Not for loan | Home library | Current library | Shelving location | Date acquired | Total checkouts | Full call number | Barcode | Date last seen | Copy number | Price effective from | Koha item type |
|---|---|---|---|---|---|---|---|---|---|---|---|---|---|---|
| Naharkatiya College Library | Naharkatiya College Library | General stacks | 09/19/2020 | 909World History | HOB | 27631 | 09/19/2020 | 1 | 09/19/2020 | Books | |||||
| Naharkatiya College Library | Naharkatiya College Library | General stacks | 09/19/2020 | 909World History | HOB | 27632 | 09/19/2020 | 2 | 09/19/2020 | Books |